| 000 | 00994nam a22002777a 4500 | ||
|---|---|---|---|
| 005 | 20111010115724.0 | ||
| 008 | 111010t xxu||||| |||| 00| 0 eng d | ||
| 010 | _aENG-103924 | ||
| 020 |
_a9788122204919 _c225.00 |
||
| 020 |
_a8122204910 _c225.00 |
||
| 035 | _aEN-87457 | ||
| 037 | _bDBAD / PUB | ||
| 040 |
_adpl _bEnglish |
||
| 082 | _a500 | ||
| 100 |
_935374 _aVerma, Surendra |
||
| 245 |
_aThe little book of scientific principles, theories & things / _cby Surendra Verma |
||
| 260 |
_aNew Delhi _bOrient Publishing _c2011 |
||
| 270 |
_a5A/8, Ansari Road _bNew Delhi _e110002 |
||
| 300 |
_a224p. : _c22cm (pbk) _bill. |
||
| 500 | _aIncludes index | ||
| 650 | _935375 | ||
| 700 | _935376 | ||
| 942 |
_2ddc _cEN _mVER _h500 |
||
| 999 |
_c57453 _d57453 |
||